ECGs by Example (Record no. 7185)

MARC details
000 -LEADER
fixed length control field 00535nam a22002057a 4500
003 - CONTROL NUMBER IDENTIFIER
control field OSt
005 - DATE AND TIME OF LATEST TRANSACTION
control field 20210908162200.0
008 - FIXED-LENGTH DATA ELEMENTS--GENERAL INFORMATION
fixed length control field 210908b ||||| |||| 00| 0 eng d
020 ## - INTERNATIONAL STANDARD BOOK NUMBER
International Standard Book Number 0443074100
040 ## - CATALOGING SOURCE
Transcribing agency DNM
082 ## - DEWEY DECIMAL CLASSIFICATION NUMBER
Classification number WG140 J41e 2007
100 ## - MAIN ENTRY--PERSONAL NAME
Personal name Dean, Jenkins Richard; John, Gerred Stephen
9 (RLIN) 14776
245 ## - TITLE STATEMENT
Title ECGs by Example
250 ## - EDITION STATEMENT
Edition statement 2nd ed.
260 ## - PUBLICATION, DISTRIBUTION, ETC. (IMPRINT)
Place of publication, distribution, etc. Elsever; Edinburgh, 2005
300 ## - PHYSICAL DESCRIPTION
Extent viii,223p;
Other physical details Col.ill:
Dimensions 28CM
504 ## - BIBLIOGRAPHY, ETC. NOTE
Bibliography, etc Index included
650 ## - SUBJECT ADDED ENTRY--TOPICAL TERM
Topical term or geographic name as entry element Cardiac system
9 (RLIN) 14777
942 ## - ADDED ENTRY ELEMENTS (KOHA)
Source of classification or shelving scheme Other/Generic Classification Scheme
Koha item type Open Shelf
Holdings
Withdrawn status Lost status Source of classification or shelving scheme Damaged status Not for loan Home library Current library Date acquired Source of acquisition Inventory number Total Checkouts Full call number Barcode Date last seen Date last checked out Koha item type
    Other/Generic Classification Scheme     MUST Main Library MUST Main Library 08/09/2021 Donation 10/32380 2 WG140 J41e 2007 2021-1007 24/01/2022 08/09/2021 Open Shelf